000 003380000a22001450004500
041 0 _aENG
082 0 4 _aG 242 C4323p
100 1 _aChadwick, Samuel (1860-1932)
245 1 0 _aThe path of prayer / Samuel Chadwick
260 _aNew York, New York, USA : Abingdon
300 _a133 Pag
650 1 4 _aORACION
001 4947
942 _cBK
999 _c35478
_d35478